00477nam a2200085Ia 4500008004100000245003200041300024300073650001600316856005900332170517s9999 xx 000 0 und d aVaccines: Calling the Shots aA growing percentage of parents have genuine concerns over the number of vaccinations recommended for their infants by the medical community. But what are the consequences for all of us if these parents simply refuse to adhere to these... xTechnology. uhttp://topdocumentaryfilms.com/vaccines-calling-shots/